Vache - Culture Générale - Statistiques

Statistiques générales
  • Ce quiz a été pris 26 260 fois
  • Le résultat moyen est 12 sur 20
Statistiques - réponses
Question Réponse % Correct
Pays où la vache est sacrée Inde
97%
Garçon à cheval, principalement dans le Far West américain Cow-boy
90%
Ce qui rendrait le taureau immédiatement agressif Rouge
83%
Pays d'origine de la tauromachie, un sport de combat entre l'homme et le taureau, souvent jusqu'à la mort de ce dernier Espagne
82%
Signe du zodiaque, deuxième dans l'ordre, utilisant ce symbole: Taureau
77%
Maladie qui a causé une crise sanitaire, puis socio-économique en raison de l'effondrement de la consommation de viande bovine dans les années 1990 Maladie {de} {la} {vache} {folle}
75%
Monstre mi-homme mi-taureau, originaire de la mythologie grecque Minotaure
73%
Gaz que produisent les vaches, qui contribue au réchauffement climatique Méthane
71%
Nom donné au "cri" de la vache Meuglement
69%
Seul animal qui fut domestiqué avant la vache, le mouton et la chèvre, vers -11 000 Chien
68%
Les vaches en ont quatre; l'humain un seul Estomacs
67%
Animal originaire d'Amérique du Nord, avec lequel les vaches peuvent s'hybrider Bison d'Amérique
66%
Constructeur automobile italien, utilisant le taureau pour logo Lamborghini
60%
Cousin touffu de la vache qui habite l’Himalaya Yack
58%
Marque commerciale d'origine française qui désigne un mélange de fromages fondus La vache qui rit
57%
Bovidé originaire de l'Inde, dont le nom commence par Z Zébu
52%
Mammifère aquatique surnommé « vache de mer » ou « vache marine » en raison de son physique et de sa façon de s'alimenter: en broutant Lamantin
34%
Pays possédant le plus de vaches domestiquées Brésil
32%
Espèce disparue de bovidé, l'ancêtre de la vache domestique Aurochs
15%
Vache fictive présente dans l'univers de Mickey Mouse Clarabelle Cow
11%
Aucun quiz correspondant
Distribution des résultats
% des personnes avec chaque résultat
Percentile par nombre de réponses
Votre historique - résultats
Vous n’avez pas pris ce quiz